Colombia y la economía mundial (Registro nro. 184749)

Detalles MARC
000 -ENCABEZADO
Número de control [NR] 01617nam a2200349Ia 4500
005 - FECHA Y HORA DE LA ÚLTIMA TRANSACCIÓN
control field 20140903175030.0
008 - DE LONGITUD FIJA DE DATOS DE ELEMENTOS - INFORMACIÓN GENERAL
Elementos de longitud fija [NR] 130821s2013 ck ad frn 1 dspa d
020 ## - NUMERO INTERNACIONAL NORMALIZADO PARA LIBROS [R]
Número Internacional Normalizado del libro [NR] 9586060020
020 ## - NUMERO INTERNACIONAL NORMALIZADO PARA LIBROS [R]
Número Internacional Normalizado del libro [NR] 9789586958929 (2a.Ed)
040 ## - FUENTE DE CATALOGACION [NR]
Agencia de catalogación original [NR] Co-BoUCM
Idioma de catalogación [NR] spa
Quien Cataloga
Quien Clasifica [Nuevo]
041 0# - CODIGO DE IDIOMA [R]
Código de idioma para texto/pista de sonido o título separado [R] Español
100 1# - ASIENTO PRINCIPAL--NOMBRE PERSONAL [NR]
Nombre personal [NR] Ocampo, José Antonio
ID Autoridad 48091
245 10 - MENCION DE TITULO [NR]
Título [NR] Colombia y la economía mundial
Parte restante del título [NR] 1830-1910
Mención de responsabilidad, etc. [NR] José Antonio Ocampo
250 ## - MENCION DE EDICION [NR]
Mención de edición [NR] 2a ed
260 ## - PUBLICACION, DISTRIBUCION, ETC. (PIE DE IMPRENTA) [R]
Lugar de publicación, distribución, etc. [R] Bogotá (Colombia)
Nombre del editor, distribuidor, etc. [R] Ediciones Uniandes
-- Siglo XXI Editores
Fecha de publicación, distribución, etc. [R] 2013
300 ## - DESCRIPCION FISICA [R]
Extensión [R] xviii, 474 páginas
Otros detalles físicos [NR] ilustraciones y gráficas
490 0# - MENCION DE SERIE [R]
Mención de serie [R] Colección básica de historia económica de Colombia
504 ## - NOTA DE BIBLIOGRAFIA, ETC. [R]
Nota de bibliografía, etc. [NR] Incluye referencias bibliográficas e índices
650 04 - ASIENTO SECUNDARIO DE MATERIA - TERMINO TEMATICO [R]
Término temático o nombre geográfico como elemento de entrada [NR] Capitalismo
Subdivisión general [R] Historia
Subdivisión geográfica [R] Colombia
Subdivisión cronológica [R] 1830-1910
9 (RLIN) 10463
650 04 - ASIENTO SECUNDARIO DE MATERIA - TERMINO TEMATICO [R]
Término temático o nombre geográfico como elemento de entrada [NR] Desarrollo económico
Subdivisión general [R] Historia
Subdivisión geográfica [R] Colombia
Subdivisión cronológica [R] 1830-1910
9 (RLIN) 12956
650 04 - ASIENTO SECUNDARIO DE MATERIA - TERMINO TEMATICO [R]
Término temático o nombre geográfico como elemento de entrada [NR] Economía colombiana
Subdivisión general [R] Historia
Subdivisión cronológica [R] 1830-1910
Subdivisión de forma [R] Estadísticas
9 (RLIN) 13661
650 04 - ASIENTO SECUNDARIO DE MATERIA - TERMINO TEMATICO [R]
Término temático o nombre geográfico como elemento de entrada [NR] Economía
9 (RLIN) 174
650 04 - ASIENTO SECUNDARIO DE MATERIA - TERMINO TEMATICO [R]
Término temático o nombre geográfico como elemento de entrada [NR] Finanzas
Subdivisión general [R] Historia
Subdivisión geográfica [R] Colombia
Subdivisión cronológica [R] 1830-1910
9 (RLIN) 7628
650 04 - ASIENTO SECUNDARIO DE MATERIA - TERMINO TEMATICO [R]
Término temático o nombre geográfico como elemento de entrada [NR] Globalización
Subdivisión cronológica [R] 1830-1910
9 (RLIN) 216
650 04 - ASIENTO SECUNDARIO DE MATERIA - TERMINO TEMATICO [R]
Término temático o nombre geográfico como elemento de entrada [NR] Industrialización
Subdivisión general [R] Historia
Subdivisión geográfica [R] Colombia
Subdivisión cronológica [R] 1830-1910
9 (RLIN) 17484
650 04 - ASIENTO SECUNDARIO DE MATERIA - TERMINO TEMATICO [R]
Término temático o nombre geográfico como elemento de entrada [NR] Mercado de exportación
Subdivisión general [R] Historia
Subdivisión geográfica [R] Colombia
Subdivisión cronológica [R] 1830-1910
9 (RLIN) 19340
651 #4 - ASIENTO SECUNDARIO DE MATERIA - NOMBRE GEOGRAFICO [R]
Nombre geográfico [NR] Colombia
Geographic name following place entry element [OBSOLETE] Relaciones internacionales
Subdivisión cronológica [R] 1830-1910
9 (RLIN) 26606
710 1# - ASIENTO SECUNDARIO - NOMBRE CORPORATIVO [R]
Nombre corporativo o de jurisdicción como elemento de entrada [NR] Universidad de los Andes (Colombia)
9 (RLIN) 27474
Unidad subordinada [R] Facultad de Economía
-- Centro de Estudios Sobre Desarrollo Económico.CEDE
710 2# - ASIENTO SECUNDARIO - NOMBRE CORPORATIVO [R]
Nombre corporativo o de jurisdicción como elemento de entrada [NR] Fundación para la Educación Superior y el Desarrollo. FEDESARROLLO
9 (RLIN) 3530
942 ## - ELEMENTOS DE ENTRADA AGREGADOS (KOHA)
Tipo de ítem principal el descrito en 300a Libro
Tema principal Economía
Edición 2
Parte restante de la signatura top. O151co
Sistema de clasificación DEWEY
Clasificación 330.9861
Existencias
Fecha de último préstamo Total préstamos Total Renewals Signatura topográfica Código de barras Última vez visto Ejemplar Price effective from Tipo de ítem Perdido Sistema de clasificación Dañado No prestable Tipo de ítem específico Suprimido Ubicación habitual Ubicación actual Localización Fecha de creación Forma de adquisición Costo
18/11/2019 34 11 330.9861 O151co 100127559 03/12/2025 Ej.1 03/02/2013 Libro   DEWEY     Libro   Claustro Claustro Mezanine 28/02/2013 Donación 26000.00